[Event "Chigorin Memorial 29th"]
[Site "St Petersburg"]
[Date "2022.10.28"]
[Round "7"]
[White "Karpov, Nikita"]
[Black "Verkhoturov, Damir"]
[Result "0-1"]
[WhiteElo "1600"]
[BlackElo "1212"]
[PlyCount "62"]
[EventDate "2022.10.22"]
[EventType "swiss"]
[EventRounds "9"]
[EventCountry "RUS"]
[SourceTitle "EXT 2024"]
[Source "ChessBase"]
[SourceDate "2023.10.10"]
[SourceVersion "1"]
[SourceVersionDate "2023.10.10"]
[SourceQuality "1"]

1. e4 c5 2. Nf3 e6 3. d4 cxd4 4. Nxd4 Qb6 5. Nc3 Bc5 6. Na4 Qa5+ 7. Bd2 Qxa4 8. Bc3 Bxd4 9. Bxd4 e5 10. Bc5 Qxe4+ 11. Be2 Qg6 12. h4 Ne7 13. h5 Qf6 14. Qd2 Qc6 15. Ba3 d5 16. 0-0-0 Qh6 17. f4 Qxf4 18. Qxf4 exf4 19. Bb5+ Nbc6 20. Rhe1 Be6 21. c4 0-0-0 22. cxd5 Nxd5 23. Bxc6 bxc6 24. Bc5 Kb7 25. Rd4 Nb6 26. Rxf4 Rd5 27. Bxb6 axb6 28. h6 gxh6 29. Rf6 Rhd8 30. Rxh6 Bf5 31. Rf6 Rc5# 0-1

[Event "Chigorin Memorial 29th"]
[Site "St Petersburg"]
[Date "2022.10.27"]
[Round "6"]
[White "Borsch, Sergey"]
[Black "Karpov, Nikita"]
[Result "1-0"]
[WhiteElo "1899"]
[BlackElo "1600"]
[PlyCount "115"]
[EventDate "2022.10.22"]
[EventType "swiss"]
[EventRounds "9"]
[EventCountry "RUS"]
[SourceTitle "EXT 2024"]
[Source "ChessBase"]
[SourceDate "2023.10.10"]
[SourceVersion "1"]
[SourceVersionDate "2023.10.10"]
[SourceQuality "1"]

1. e4 c5 2. Nf3 Nc6 3. d4 cxd4 4. Nxd4 Nf6 5. Nc3 e5 6. Ndb5 d6 7. Bg5 a6 8. Bxf6 gxf6 9. Na3 b5 10. Nd5 Bg7 11. g3 0-0 12. Bg2 f5 13. c3 fxe4 14. Bxe4 f5 15. Bg2 Rb8 16. Nc2 Be6 17. 0-0 a5 18. Qd2 e4 19. Nf4 Bc4 20. Rfd1 b4 21. Ne3 bxc3 22. bxc3 Bf7 23. Nxf5 Ne5 24. Nxg7 Kxg7 25. Qxd6 Qxd6 26. Rxd6 Rfc8 27. Bxe4 Rxc3 28. Bd5 Rb2 29. Bxf7 Kxf7 30. Nh3 Rcc2 31. a4 Ng4 32. Rd4 Ne5 33. Kg2 h6 34. Re1 Nc4 35. Rf4+ Kg6 36. Re6+ Kg7 37. Re7+ Kg8 38. Rd4 Rb8 39. Nf4 Rf8 40. Rdd7 Rf6 41. Rg7+ Kf8 42. Ng6+ Rxg6 43. Rxg6 Ne5 44. Rf6+ Ke8 45. Rd4 Nc4 46. Rxh6 Ne3+ 47. Kf3 Nf5 48. Re4+ Kf7 49. Ra6 Kg7 50. Rf4 Rc5 51. h4 Kg8 52. Rg4+ Ng7 53. Ra7 Kh8 54. Rd4 Ne6 55. Rd6 Nf8 56. Rd8 Rf5+ 57. Kg2 Kg8 58. Raa8 1-0